000 00419nam a2200145Ia 4500
008 230917s9999||||xx |||||||||||||| ||und||
040 _e76566
_aMAIN
041 _aEnglish
082 _a658.3 L989T
100 _aLynton, Rolf
245 0 _aTraining for organization transformation: Part 2; for trainers, consultants and principals
260 _aNew Delhi
_bSage Publications
_c2000
300 _a413 p.
942 _cBK
999 _c106177
_d106177